000 00652nam a2200265Ia 4500
001 47215
005 20240114003823.0
007 ta
008 090409s1948 g b000 u u
040 _aCotton College Assam
082 _a891.4141
_bB 99 Un
100 _aSribyas, .
245 0 _aUndin /
_cSribyas.
_hTextual Documents
250 _a1st ed /
260 _aGuwahati :
_bAdhunika Prakashan ,
_c1948.
300 _a27p ;
_c18 cm.
653 _aAssamese Literature
653 _aT/G-Assamese
653 _aG-Assamese
942 _2ddc
_cBK
999 _c47180
_d47180